Métodos de investigación clínica y epidemiológica
Guardado en:
| Autor principal: | |
|---|---|
| Otros Autores: | |
| Formato: | Desconocido |
| Lenguaje: | inglés |
| Publicado: |
Barcelona, España:
Elsevier,
2019
|
| Edición: | 5ª edición. |
| Materias: | |
| Etiquetas: |
Agregar Etiqueta
Sin Etiquetas, Sea el primero en etiquetar este registro!
|
MARC
| LEADER | 00000 a2200000 4500 | ||
|---|---|---|---|
| 003 | CL-VaPUC | ||
| 005 | 20240923092247.0 | ||
| 008 | 220103b2019 ||||| |||| 00| 0 eng d | ||
| 999 | |c 434061 |d 434059 | ||
| 020 | |a 9788491130079 | ||
| 040 | |c Pontificia Universidad Católica de Valparaíso | ||
| 082 | 7 | |a 614.40724 ARG 2019 |2 22 | |
| 100 | 1 | |a Argimon Pallás, Josep Mª |9 864348 | |
| 245 | |a Métodos de investigación clínica y epidemiológica | ||
| 250 | |a 5ª edición. | ||
| 260 | |a Barcelona, España: |b Elsevier, |c 2019 | ||
| 300 | |a 469 páginas | ||
| 583 | |k Cristina María Rojas Aguilar |c 20220103 | ||
| 650 | 0 | |a Epidemiología |x Investigación |x Metodología |9 271159 | |
| 650 | 0 | |a Investigación médica |x Protocolo de investigación |9 328118 | |
| 700 | |a Jiménez Villa, Josep |9 865567 | ||
| 942 | |2 ddc |c BK | ||
| 952 | |0 0 |1 0 |2 ddc |4 0 |6 614_407240000000000_ARG_2019 |7 0 |8 A |9 580013 |a BIBCUR |b BIBCUR |c GEN |d 2022-01-03 |e 3 |g 81140.83 |i 5633311 |l 4 |o 614.40724 ARG 2019 |p 5633311 |r 2025-04-22 |s 2023-09-20 |t 1 |v 81140.83 |w 2022-01-03 |y BK |k TEM | ||